Podniková strategie na mezinárodních trzích Analýza vektorů růstu

Pri tvorbe podnikovej stratégie sa často prehliadajú medzinárodné možnosti jej realizácie. Jeden z nástrojov - analýza vektorového rastu. Táto analýza vedenia podniku pomáha pri rozhodovaní a voľbe optimálnej stratégie z hľadiska domácich aj medzinárodných podmienok trhu. 9 alternatív vektorov rastu...

Ausführliche Beschreibung

Gespeichert in:
Bibliographische Detailangaben
Format: Buchkapitel
Sprache:Tschechisch
Schlagworte:
Tags: Tag hinzufügen
Keine Tags, Fügen Sie das erste Tag hinzu!

MARC

LEADER 00000naa a2200000 4500
001 r015710
005 20221205090545.9
041 0 |a cze 
044 |a CZ 
245 1 0 |a Podniková strategie na mezinárodních trzích  |b Analýza vektorů růstu 
520 |a Pri tvorbe podnikovej stratégie sa často prehliadajú medzinárodné možnosti jej realizácie. Jeden z nástrojov - analýza vektorového rastu. Táto analýza vedenia podniku pomáha pri rozhodovaní a voľbe optimálnej stratégie z hľadiska domácich aj medzinárodných podmienok trhu. 9 alternatív vektorov rastu. 
610 2 0 |a stratégia podniková 
610 2 0 |a trh medzinárodný 
610 2 0 |a matice